Taylor Swift - Vault tracks mort subite - Statistiques

Statistiques générales
  • Ce quiz a été pris 172 fois
    37 depuis la dernière actualisation
  • Le résultat moyen est 9 sur 22
Answers on the Grid
Answers color-coded by a green-red scale on the quiz's grid according to % correct below.
You All Over Me
Treacherous
All You Had To Do Was Stay
Bye Bye Baby
Dear John
The Very First Night
We Were Happy
I Can See You
it’s time to go
Run
False God
White Horse
Castles Crumbling
Dress
Invisible
The Story Of Us
Now That We Don't Talk
Message in a Bottle
The Best Day
Stay Stay Stay
Foolish One
I Almost Do
the lakes
Girl at Home
Forever Winter
Say Don't Go
Breathe
Better Man
Superman
Timeless
Mr. Perfectly Fine
Starlight
Electric Touch
You are in Love
I Bet You Think About Me
Slut!
it’s time to go
mad woman
Better Man
Don't You
You're loosing me
 
Statistiques - réponses
Réponse % Correct
Say Don't Go
59%
I Can See You
55%
Mr. Perfectly Fine
55%
Slut!
55%
You All Over Me
55%
Bye Bye Baby
50%
Castles Crumbling
45%
Foolish One
45%
Message in a Bottle
45%
Now That We Don't Talk
45%
The Very First Night
45%
You're loosing me
45%
Better Man
41%
Run
41%
Electric Touch
36%
Timeless
36%
We Were Happy
36%
Better Man
32%
Don't You
32%
I Bet You Think About Me
32%
Forever Winter
27%
Invisible
5%
Aucun quiz correspondant
Distribution des résultats
% des personnes avec chaque résultat
Percentile par nombre de réponses
Votre historique - résultats
Vous n’avez pas pris ce quiz depuis la dernière actualisation